000 01426nam a22002897a 4500
003 SEM
005 20260223110753.0
008 260220s2025 ai ||||gr||||||01|||arm|d
020 _a9789939593562
040 _aSEM
_cSEM
041 _aarm
080 _a344.1/Տ-57
100 _aՏիգրանյան, Արմինե
_q(Tigranyan, Armine)
245 _aԱրցախի մշակութային ժառանգության ոչնչացման և բռնայուրացման՝ Ադրբեջանի քաղաքականությունը (2020-2025թթ.) /
_cԱ. Տիգրանյան ; Կաթողիկոսություն Ամենայն Հայոց
246 _aAzerbaijan's policy of destruction and expropriation of the cultural heritage of Artsakh (2020-2025) /
246 _aПолитика Азербайджана по уничтожению и экспроприации культурного наследия Арцаха (2020-2025) /
260 _aՍ. Էջմիածին :
_bՄայր Աթոռ Սուրբ Էջմիածին,
_c2025.
300 _a287 էջ ;
_bնկ. ;
_c20 սմ
504 _aԳրակ. ցանկ.՝ էջ 253-287
650 _aՎանդալիզմ
650 _aՔաղաքականություն
_zԱդրբեջան
650 _aՄշակույթ
_zԱրցախ
650 _aՀայոց պատմություն
653 _aՍԷՄ
710 _aԿաթողիկոսություն Ամենայն Հայոց
942 _2udc
_cBK
_n0
999 _c77167
_d77167